000 00791nam a22002537a 4500
001 8977
003 FISKH
005 20251112110819.0
008 251112b cb ||||| |||| 00| 0 eng d
040 _aFISKH
_beng
_cFISKH
_dFISKH
050 _aPZ7
082 _a138
100 _aCaple, Kathy
_eAuthor
245 _aDrip drip drip /
260 _aDongguan :
_bKathy Caple ,
_c2000
300 _a8 unnumbered pages :
_bcolor illustrations ;
_c14 x 20 cm
505 _aC
520 _aIt's about how the rain drips and drips, and Worm gets more and more buckets until there are no more drips. Guess what Worm will do with all the water.
521 8 _a100
_bLexile estimate
521 8 _aC
_bRaz-Plus
650 _aBeginner reader
_vInsects
942 _2ddc
_cBK
_n0
999 _c8977
_d8977